| 000 | 00759nam a22002295a 4500 | ||
|---|---|---|---|
| 005 | 20160121152029.0 | ||
| 008 | 150702s2011 ii a fr 001 0 eng d | ||
| 020 | _a9788123919874 | ||
| 040 |
_aEG-ScBUE _beng _cEG-ScBUE |
||
| 082 | 0 | 4 |
_222 _bKAU _a615.18 |
| 100 | 1 |
_939138 _aKaushik, Atul. |
|
| 245 | 1 | 0 |
_aTextbook of Pharmaceuical packaging technology / _cAtul Kaushik, Bhaskar Chaurasia, Virendra Dhakar. |
| 250 | _a1st ed. | ||
| 260 |
_aNew Delhi : _bCBS Publishers & Distributors Pvt Ltd., _c2011. |
||
| 300 |
_axiv, 472 p. : _bill. ; _c24 cm. |
||
| 500 | _aIndex : p. 469-472. | ||
| 650 | 7 |
_2BUEsh _939139 _aDrugs _xPackaging. |
|
| 653 |
_bPPhrm _cJune2015 _cJanuary2016 |
||
| 700 | 1 | _tBhaskar Chaurasia. | |
| 700 | 1 | _tVirendra, Dhakar. | |
| 942 | _2ddc | ||
| 999 |
_c20112 _d20084 |
||